000 00667nam a2200217Ii 4500
003 JO-AjNU
008 230605s9999||||xx |||||||||||||| ||und||
040 _aJO-AjNU
_bara
_erda
_cJO-AjNU
041 _aara
050 1 4 _aDS3.8.4.Q42.K426 1971
100 3 _aخطاب، محمود شيت,
_eauthor
_919540
245 0 0 _aالفاروق القائد
250 _aط4
264 3 1 _aبيروت: دار الفكر، 1971
300 _a287ص
336 _atext
_btxt
_2rdacontent
337 _aunmediated
_bn
_2rdamedia
338 _avolume
_bnc
_2rdacarrier
490 0 _aقادة الفتح الاسلامي
650 4 _aخلفاء راشدون ، تاريخ
_919541
999 _aA6466
_c10034
_d10034